LEADER 00962nam a2200217 i 4500 001 000000036094 003 CaOOAMICUS 005 20021209000000.0 008 021209s1981 it u000 u ita u 013 $a5200 040 $aSeMil$bita 240 10$aTon nome de braise : baiser de feu.$0(OLS)http://semarc/title/49769 245 13$aIl tuo nome di brace :$bbacio di fuoco : verso una professione ecclesiale della «Preghiera a Gesł». 300 $a229 p. 650 4$aSpiritualitą.$0(OLS)http://semarc/subject/5428 700 1 $aAnge, Daniel <1932->.$0(OLS)http://semarc/name/1265 773 0 $aAnge, Daniel <1932->$tCanto regale.$dMilano : Ąncora, copyr. 1981.$g1$w()8122 850 $aSeMil 852 $aSeMil$W1$xVenegono$y1$m2C IV 78$j2249$B2249$CSeMilBibl$Z2$F2249 $81 961 $aOmaggio: Donazione 996 $6245$aIl tuo nome di brace :$bbacio di fuoco : verso una professione ecclesiale della «Preghiera a Gesł»$9(OLS)http://semarc/title/49768 LEADER 01057nam a2200217 i 4500 001 000000108153 003 CaOOAMICUS 005 20060726000000.0 008 060726s1975 it u000 u und u 013 $a80757 040 $aSeMil$bita 110 2 $aOblati dei Santi Ambrogio e Carlo$b.$0(OLS)http://semarc/name/5065 245 13$aUn secolo dalla fondazione della Comunitą degli Oblati Vicari :$b4 novembre 1875-1975 /$cCongregazione degli Oblati dei SS. Ambrogio e Carlo. 260 $aMilano :$bTipografia U. Allegretti di Campi,$c1975. 300 $a29 p. :$b3 c. di tav. ;$c24 cm. 650 4$aOblati dei Santi Ambrogio e Carlo.$0(OLS)http://semarc/subject/19039 850 $aSeMil 852 $aSeMil$W1$xVenegono$y1$m5D VII 14/20$j64249$B64249$CSeMilBibl$Z2$F113197 $81 961 $aRecupero: Altro 996 $6245$aUn secolo dalla fondazione della Comunitą degli Oblati Vicari :$b4 novembre 1875-1975$9(OLS)http://semarc/title/156783 996 $6260$aMilano :$bTipografia U. Allegretti di Campi$9(OLS)http://semarc/publisher/30948